000 00445cam a2200181ua 4500
020 _c5.00
041 _ahin
_h
082 _a891.54
_bBAC/BI
100 _aBachan, Singh .
245 _aBihari ka naya mulyankan /
_cBachan Singh.
_hTextual Documents
250 _a1 /
_b.
260 _aVaranasi :
_bHindi Pracharak Pusthakalayam ,
_c1964.
300 _a181 ; .
365 _a5.00
504 _a
942 _cBK
999 _c8211
_d8211